000 00820nam a2200253Ia 4500
003 OSt
005 20220923222610.0
006 a|||||r|||| 00| 0
007 ta
008 220922b |||||||| |||| 00| 0 hin d
024 _a206,382
037 _cTextual
040 _aARTS
_cARTS
_bhin
041 _2hin
_ahin
082 _aO152,1M982:g, L0
100 _aउदयभानु सिंह
_9156275
245 0 _aजीवन और साहित्य
246 _aJīvan aur sāhitya
260 _aआगरा
_b श्रीराम मेहरा एंड कंपनी
_c1956
300 _a175पृ.
_ccm.
650 _aहिन्दी साहित्य
_9156264
942 _hO152,1M982:g, L0
_cTEXL
_2CC
999 _c357024
_d357024